| 000 | 01754cam a2200373 a 4500 | ||
|---|---|---|---|
| 999 |
_c332269 _d332269 |
||
| 001 | 17052194 | ||
| 003 | NUST | ||
| 005 | 20171122102547.0 | ||
| 008 | 111121s2012 nyua 6 000 1 eng | ||
| 010 | _a 2011048293 | ||
| 020 | _a9780755342822 (pbk) | ||
| 035 | _a(OCoLC)ocn762135430 | ||
| 040 |
_aDLC _beng _cDLC _dYDX _dYDXCP _dBDX _dEPL _dZS3 _dBWX _dDLC |
||
| 042 | _apcc | ||
| 050 | 0 | 0 |
_aPN6727.K386 _bS55 2012 |
| 082 | 0 | 0 |
_a741.5973 _bKEL |
| 100 | 1 |
_aKellerman, Jonathan. _96631 |
|
| 245 | 1 | 0 |
_aSilent partner : _bthe graphic novel / _cJonathan Kellerman ; adapted by Ande Parks ; art by Michael Gaydos. |
| 250 | _a1st ed. | ||
| 260 |
_aNew York : _bVillard Books, _c2012. |
||
| 300 |
_a595 p. : _bchiefly ill. ; _c27 cm. |
||
| 520 | _aA graphic novel adaptation of the classic New York Times bestseller follows Alex Delaware, as he, driven by grief, tries to find the truth surrounding the death of an ex-lover, with the help of his trusted friend, homicide cop Milo Sturgis. | ||
| 600 | 1 | 0 |
_aDelaware, Alex _c(Fictitious character) _vComic books, strips, etc. _96632 |
| 600 | 1 | 0 |
_aKellerman, Jonathan. _tSilent partner _vAdaptations. _96633 |
| 650 | 0 |
_aChild psychologists _vComic books, strips, etc. _96634 |
|
| 650 | 0 |
_aPsychologists _vComic books, strips, etc. _96635 |
|
| 651 | 0 |
_aLos Angeles (Calif.) _vComic books, strips, etc. _96636 |
|
| 655 | 0 |
_aGraphic novels. _96637 |
|
| 655 | 7 |
_aMystery fiction. _2gsafd _95621 |
|
| 700 | 1 |
_aParks, Ande. _96638 |
|
| 700 | 1 |
_aGaydos, Michael. _96639 |
|
| 906 |
_a7 _bcbc _corignew _d1 _eecip _f20 _gy-gencatlg |
||
| 942 |
_2ddc _cBK |
||